| 000 -ლიდერი |
| ფიქსირებული სიგრძის საკონტროლო ველი |
01384nam a22002537a 4500 |
| 003 - საკონტროლო ნომრის იდენტიფიკატორი |
| საკონტროლო ველი |
Ge_BSU |
| 005 - ბოლო ოპერაციის თარიღი და დრო |
| საკონტროლო ველი |
20220614131710.0 |
| 008 - ფიქსირებული სიგრძის მონაცემთა ელემენტები - ზოგადი ინფორმაცია |
| ფიქსირებული სიგრძის საკონტროლო ველი |
220614s2014 ge ||||| |||| 00| 0 geo d |
| 020 ## - წიგნის საერთაშორისო სტანდარტული ნომერი |
| International Standard Book Number |
9789941073496 |
| 041 ## - ენის კოდი |
| Language code of text/sound track or separate title |
geo |
| 080 ## - უნივერსალური ათობითი კლასიფიკაციის ინდექსი |
| Universal Decimal Classification number |
329.14 321.7 ს-74 |
| 245 ## - ცნობა სათაურის შესახებ |
| Title |
სოციალური სახელმწიფო და სოციალური დემოკრატია / |
| Statement of responsibility, etc |
ალექსანდრე პეტრინგი და სხვები. |
| 264 ## - წარმოების, გამოცემის, დისტრიბუციის და სხვა ცნობები |
| გამოცემის, წარმოების, დისტრიბუციის... ადგილი |
თბილისი : |
| გამოცემის, წარმოების, დისტრიბუციის... სახელწოდება |
ფრიდრიხ ებერტის ფონდი, |
| გამოცემის, წარმოების, დისტრიბუციის... თარიღი |
2014. |
| 300 ## - ფიზიკური აღწერა |
| Extent |
156 გვ. : |
| Other physical details |
სურ. ; |
| Dimensions |
22 სმ. |
| 490 ## - სერიის ცნობა |
| Series statement |
სოციალური დემოკრატიის კურსი ; |
| Volume number/sequential designation |
3 |
| 504 ## - BIBLIOGRAPHY, ETC. NOTE |
| Bibliography, etc |
ბიბლიოგრ.: გვ. 149-153. |
| 653 ## - INDEX TERM--UNCONTROLLED |
| Uncontrolled term |
სოციალური დემოკრატია. |
| 653 ## - INDEX TERM--UNCONTROLLED |
| Uncontrolled term |
პოლიტიკური პარტიები. |
| 700 ## - ADDED ENTRY--PERSONAL NAME |
| Personal name |
პეტრინგი, ა. (ალექსანდრე) |
| Relator term |
ავტორი |
| 9 (RLIN) |
14079 |
| 700 ## - ADDED ENTRY--PERSONAL NAME |
| Personal name |
ბუზემაიერი, მ. (მარიუს) |
| Relator term |
ავტორი |
| 9 (RLIN) |
14080 |
| 700 ## - ADDED ENTRY--PERSONAL NAME |
| Personal name |
დამი, ი. (იოჰენ) და სხვ. |
| Relator term |
ავტორი |
| 9 (RLIN) |
14081 |
| 856 ## - ELECTRONIC LOCATION AND ACCESS |
| Uniform Resource Identifier |
https://library.fes.de/pdf-files/bueros/georgien/12745.pdf |
| Link text |
ელ. ვერსია pdf |
| 942 ## - ADDED ENTRY ELEMENTS (KOHA) |
| Source of classification or shelving scheme |
|
| Koha item type |
წიგნი |